000 005960000a22001810004500
003 MACL
005 20160421151236.0
008 160421b xxu||||| |||| 00| 0 eng d
040 _aMACL
_cMACL
041 _aHindi
082 _a780
100 _aसिंह स्‍व. डॉ. ठाकुर जयदेव
_953170
245 _aभारतीय संगीत का इतिहास
260 _bविश्‍वविधालय प्रकाशन
_c2010
_aनई दिल्‍ली
350 _a400
650 _aसंगीत
_953171
942 _cHIN
_k780/
_2ddc
999 _c45218
_d45218